<?xml version="1.0" encoding="UTF-8"?>
<record
    xmlns:xsi="http://www.w3.org/2001/XMLSchema-instance"
    xsi:schemaLocation="http://www.loc.gov/MARC21/slim http://www.loc.gov/standards/marcxml/schema/MARC21slim.xsd"
    xmlns="http://www.loc.gov/MARC21/slim">

  <leader>00910nam a2200205Ia 4500</leader>
  <controlfield tag="003">IN-BaIIA</controlfield>
  <controlfield tag="008">211028s9999    xx            000 0 eng d</controlfield>
  <datafield tag="020" ind1=" " ind2=" ">
    <subfield code="a">3-540-13881-1</subfield>
  </datafield>
  <datafield tag="040" ind1=" " ind2=" ">
    <subfield code="c">IIA Library</subfield>
  </datafield>
  <datafield tag="080" ind1=" " ind2=" ">
    <subfield code="a">524.834(063)</subfield>
    <subfield code="b">GRA</subfield>
  </datafield>
  <datafield tag="110" ind1=" " ind2=" ">
    <subfield code="a">Laboratoire Gravitation et Cosmologie Relativistes Universite Pierre et Marie Curie et CNRS Institut HenriPoincare Paris&#xA0;</subfield>
    <subfield code="9">14552</subfield>
  </datafield>
  <datafield tag="111" ind1=" " ind2=" ">
    <subfield code="a">Journees Relativistes</subfield>
    <subfield code="c">Aussois</subfield>
    <subfield code="d">1984 May 2-5</subfield>
    <subfield code="9">14553</subfield>
  </datafield>
  <datafield tag="245" ind1=" " ind2="0">
    <subfield code="a">Gravitation geometry and relativistic physics</subfield>
    <subfield code="b">laboratoire "gravitation et cosmologie relativistes" univers</subfield>
    <subfield code="c">Laboratoire Gravitation et Cosmologie Relativistes Universite Pierre et Marie Curie et CNRS Institut HenriPoincare Paris&#xA0;</subfield>
  </datafield>
  <datafield tag="260" ind1=" " ind2=" ">
    <subfield code="a">Berlin</subfield>
    <subfield code="b">Springer-Verlag</subfield>
    <subfield code="c">1984</subfield>
  </datafield>
  <datafield tag="300" ind1=" " ind2=" ">
    <subfield code="a">[various pagings.]</subfield>
  </datafield>
  <datafield tag="650" ind1=" " ind2=" ">
    <subfield code="a">Astronomy and astrophysics thesaurus</subfield>
  </datafield>
  <datafield tag="650" ind1=" " ind2=" ">
    <subfield code="a">Gravitation</subfield>
  </datafield>
  <datafield tag="650" ind1=" " ind2=" ">
    <subfield code="a">Relativistic astrophysics</subfield>
    <subfield code="9">6801</subfield>
  </datafield>
  <datafield tag="942" ind1=" " ind2=" ">
    <subfield code="c">BK</subfield>
  </datafield>
  <datafield tag="999" ind1=" " ind2=" ">
    <subfield code="c">8665</subfield>
    <subfield code="d">8665</subfield>
  </datafield>
  <datafield tag="952" ind1=" " ind2=" ">
    <subfield code="0">0</subfield>
    <subfield code="1">0</subfield>
    <subfield code="4">0</subfield>
    <subfield code="7">0</subfield>
    <subfield code="a">BAN</subfield>
    <subfield code="b">BAN</subfield>
    <subfield code="c">GEN</subfield>
    <subfield code="d">1986-04-24</subfield>
    <subfield code="l">0</subfield>
    <subfield code="o">524.834(063)/ GRA</subfield>
    <subfield code="p">9540</subfield>
    <subfield code="r">2021-11-05</subfield>
    <subfield code="w">1986-04-24</subfield>
    <subfield code="y">BK</subfield>
  </datafield>
</record>
